Guess all the Landlocked Countries! - Statistics

General Stats
  • This quiz has been taken 105 times
  • The average score is 36 of 45
Answers on the Map
Answers color-coded by a green-red scale on the quiz's map according to % correct below.
 
Answer Stats
Answer % Correct
Paraguay
92%
Switzerland
92%
Austria
91%
Bolivia
91%
Chad
91%
Hungary
89%
Serbia
89%
Slovakia
89%
Luxembourg
88%
Mongolia
88%
Niger
88%
South Sudan
86%
Czechia
85%
Mali
85%
Afghanistan
83%
Moldova
83%
Uzbekistan
83%
Belarus
82%
Nepal
82%
Botswana
80%
Kazakhstan
80%
North Macedonia
80%
Zambia
80%
Bhutan
78%
Kyrgyzstan
78%
Lesotho
78%
Tajikistan
78%
Turkmenistan
78%
Uganda
78%
Vatican City
78%
Armenia
77%
Central African Republic
77%
Kosovo
77%
Rwanda
77%
San Marino
77%
Zimbabwe
77%
Burkina Faso
75%
Ethiopia
75%
Laos
75%
Andorra
72%
Burundi
72%
Liechtenstein
72%
Malawi
66%
Eswatini
65%
Azerbaijan
60%
No matching quizzes found
Score Distribution
Percent of People with Each Score
Percentile by Number Answered
Your Score History
You have not taken this quiz